Music Quiz

Random Music or Lyrics Quiz

Guess the Sugarland lyrics! 2 Quiz Stats

Quiz not verified by Sporcle

Challenge
Share
Tweet
Embed
Score 0/200 Timer 10:00
0 Plays Today
Lyric % Correct
the
95%
the
95%
and
95%
a
95%
a
95%
and
95%
the
95%
and
95%
the
95%
the
95%
the
95%
the
95%
I
94.6%
I
94.6%
I
94.6%
I
94.6%
I
94.6%
I
94.6%
I
94.6%
I
94.6%
me
72.8%
you
71.5%
to
71.3%
to
71.3%
to
71.3%
to
71.3%
it
69.7%
it
69.7%
it
69.7%
it
69.7%
we
67.2%
be
66.8%
be
66.8%
love
64.5%
so
62.5%
so-so
62.5%
so
62.5%
so-so
62.5%
so
62.5%
so-so
62.5%
for
61.1%
for
61.1%
for
61.1%
for
61.1%
for
61.1%
for
61.1%
for
61.1%
for
61.1%
for
61.1%
Don't
59.5%
why
57.9%
my
57.9%
my
57.9%
my
57.9%
my
57.9%
my
57.9%
my
57.9%
my
57.9%
of
57.5%
of
57.5%
of
57.5%
of
57.5%
of
57.5%
can
57.2%
when
56.6%
know
54.8%
know
54.8%
Lyric % Correct
know
54.8%
just
54.7%
just
54.7%
just
54.7%
just
54.7%
just
54.7%
on
54.3%
this
53.9%
this
53.9%
life
53.6%
life
53.6%
life
53.6%
life
53.6%
like
52.9%
how
52.3%
how
52.3%
not
52.2%
time
52%
time
52%
too
51.8%
too
51.8%
It's
51.3%
it's
51.3%
I've
51.1%
I've
51.1%
I've
51.1%
ain't
50.2%
had
50.2%
aint
50.2%
ain't
50.2%
ain't
50.2%
had
50.2%
aint
50.2%
ain't
50.2%
aint
50.2%
had
50.2%
Now
49.8%
rest
48.7%
rest
48.7%
rest
48.7%
settlin
48.6%
settlin
48.6%
settlin
48.6%
settlin
48.6%
settlin
48.6%
up
48.2%
by
48.2%
by
48.2%
than
48%
than
48%
been
46.8%
her
46.2%
enough
45.5%
enough
45.5%
enough
45.5%
what
45.5%
enough
45.5%
enough
45.5%
enough
45.5%
enough
45.5%
try
45.3%
anything
45.3%
try
45.3%
anything
45.3%
together
45.2%
Right
45.2%
everything
45.2%
Lyric % Correct
some
45.2%
everything
45.2%
left
44.8%
high
44.8%
high
44.8%
bar
44.6%
less
44.6%
bar
44.6%
less
44.6%
Forever
44.3%
getting
44.3%
getting
44.3%
raise
44.1%
raise
44.1%
tired
43.9%
tired
43.9%
Fifteen
43.4%
minutes
43.4%
friends
43.4%
ends
42.8%
shooting
42.8%
low
42.8%
shooting
42.8%
low
42.8%
throw
42.7%
even
42.1%
maybe
41.9%
mine
41.9%
Mr.
41.4%
Mr.
41.4%
lookin'
41.4%
make
40.9%
gonna
40.5%
With
40.1%
with
40.1%
another
40%
heart
38.9%
good
38.7%
girl
38.5%
take
38.4%
leaving
38.2%
will
37.5%
fate
36.9%
new
36.6%
living
36.4%
feels
36.4%
shoes
35.8%
dance
35.8%
room
35.3%
wine
35.1%
red
34.9%
brand
34.9%
who
34.9%
around
34.2%
chance
34.1%
ya
33.3%
open
33.2%
world
33.2%
wide
32.8%
streak
32.4%
mind
31%
blue
29.7%
find
29.6%
means
29.2%
changed
25.8%
changed
25.8%

You're not logged in!

Compare scores with friends on all Sporcle quizzes.
Join for Free
OR
Log In

You Might Also Like...

Show Comments

Extras

Created Aug 23, 2010ReportNominate
Tags:Lyrics Quiz, sugarland

Top Quizzes Today


Score Distribution

Your Account Isn't Verified!

In order to create a playlist on Sporcle, you need to verify the email address you used during registration. Go to your Sporcle Settings to finish the process.

Report this User

Report this user for behavior that violates our Community Guidelines.

Details: